Storia d'Italia #2. I-V sec. - Statistics

Statistiche generali
  • Questo quiz è stato fatto 126 volte
  • Il punteggio medio è 14 su 20
Statistiche sulle risposte
Domanda Risposta % Corretto
Imperatore che fu accusato di aver scatenato l'incendio che sconvolse Roma nel 64 Nerone
100%
Vulcano che eruttò nel 79 distruggendo le città di Pompei, Stabia, Oplontis ed Ercolano Vesuvio
99%
Religione che si diffonde in Italia a partire dal I sec. grazie alla predicazione di uomini come Paolo di Tarso Cristianesimo
98%
Sovrano unno, detto "Flagello di Dio", che invase l'Europa da est gettando il continente nel caos e giunse fino in Italia alla metà del V secolo Attila
92%
Primo vescovo di Roma, che secondo la tradizione sarebbe morto durante la prima persecuzione Pietro
88%
Città italiana nella quale Costantino promulgò nel 313 un famoso editto che istituiva la libertà per tutte le confessioni religiose presenti nell'Impero Milano
83%
Popolo barbarico guidato da Alarico che nel 410 saccheggiò Roma, inviolata da otto secoli Visigoti
79%
Data della deposizione dell'ultimo imperatore romano d'Occidente 476
77%
Ultimo imperatore romano d'Occidente, deposto dal barbaro Odoacre Romolo Augustolo
73%
Imperatore sotto il quale Roma raggiunse la sua massima estensione Traiano
70%
Saggio imperatore romano del II secolo, noto anche con il nome di "imperatore filosofo" Marco Aurelio
65%
Imperatore romano della dinastia flavia, conosciuto come "Amore e delizia del genere umano", il cui arco trionfale svetta ancora sull'area del foro a Roma Tito
65%
Sistema di governo a quattro con cui Diocleziano pose fine al lungo periodo di instabilità alla fine del III secolo Tetrarchia
61%
Presso questo ponte sul Tevere, nel 312 Costantino sconfisse Massenzio ottenendo per sé il titolo imperiale Ponte Milvio
60%
Regione europea dalla quale tra IV e V secolo partì una serie di invasioni dirette nei territori romani Germania
59%
45° papa, detto "Magno", che secondo la tradizione convinse gli Unni a ritirarsi dall'Italia Leone I
58%
Imperatore che con l'editto di Tessalonica del 380 impose come religione ufficiale dell'Impero quella della prima domanda di questo quiz Teodosio
53%
Grande intellettuale e filosofo, tra i maggiori pensatori della tarda antichità, autore tra le altre opere delle Confessioni e della Città di Dio, che soggiornò in Italia alla fine del IV secolo. Agostino d'Ippona
51%
In questo anno l'Impero romano raggiunge la sua massima estensione territoriale: oltre 5.000.000 di kilometri quadrati 117
39%
Così viene definito un turbolento cinquantennio del III sec. in cui, in seguito alla fine della dinastia dei Severi, l'impero romano fu caratterizzato da instabilità e lotte intestine Anarchia militare
32%
Nessun quiz corrispondente trovato
Distribuzione punteggi
Percentuale di utenti per punteggio
Percentile per numero di risposta
I tuoi punteggi nel tempo
Non hai fatto questo quiz